000 00298nam a22001217a 4500
020 _a0852970676
082 _a332.1 BAN
245 _aTHE BANKS AND TECHNOLOGY IN THE 1980's
260 _aLONDON
_bTHE INSTITUTE OF BANKERS
300 _a125p.
_bill,;14cm
650 _aCambridge Seminar
942 _cBK
999 _c15380
_d15380